000 00580nam a2200193Ia 4500
005 20260120124608.0
008 008 260114s9999 xx 000 0 eng d
020 _a9781848556584
037 _aEBOOK
040 _aCRL
_beng
_cCRL
041 _aeng
_2eng
084 _qCRL
245 0 _aHenry George, the Transatlantic Irish, and their Times
260 _bEmerald Publishing
_c2009
700 _aKenneth C. Wenzer
_9908199
856 _uhttps://www.emerald.com/insight/publication/doi/10.1108/S0743-4154(2009)27_Part_2
942 _cEBOOK
999 _c1500088
_d1500088